Agricultural biotechnology / (Record no. 17061)

MARC details
000 -LEADER
fixed length control field 01170cam a2200289 a 4500
001 - CONTROL NUMBER
control field 4964171
003 - CONTROL NUMBER IDENTIFIER
control field OSt
005 - DATE AND TIME OF LATEST TRANSACTION
control field 20211108094355.0
008 - FIXED-LENGTH DATA ELEMENTS--GENERAL INFORMATION
fixed length control field 971003s1998 nyua b 001 0 eng
010 ## - LIBRARY OF CONGRESS CONTROL NUMBER
LC control number 97038712
020 ## - INTERNATIONAL STANDARD BOOK NUMBER
International Standard Book Number 0824794397 (acidfree paper)
040 ## - CATALOGING SOURCE
Original cataloging agency DLC
Transcribing agency HU
Modifying agency DLC
050 00 - LIBRARY OF CONGRESS CALL NUMBER
Classification number S494.5.B563
Item number A3715 1998
082 00 - DEWEY DECIMAL CLASSIFICATION NUMBER
Classification number 631 AGR 1998
Edition number 21
245 00 - TITLE STATEMENT
Title Agricultural biotechnology /
Statement of responsibility, etc. edited by Arie Altman ; international advisory editorial board, Rita R. Colwell ... [et al.].
260 ## - PUBLICATION, DISTRIBUTION, ETC.
Place of publication, distribution, etc. New York :
Name of publisher, distributor, etc. Marcel Dekker,
Date of publication, distribution, etc. c1998.
300 ## - PHYSICAL DESCRIPTION
Extent xiv, 770 p. :
Other physical details ill. ;
Dimensions 26 cm.
440 #0 - SERIES STATEMENT/ADDED ENTRY--TITLE
Title Books in soils, plants, and the environment
9 (RLIN) 2439
504 ## - BIBLIOGRAPHY, ETC. NOTE
Bibliography, etc. note Includes bibliographical references and index.
650 #0 - SUBJECT ADDED ENTRY--TOPICAL TERM
Topical term or geographic name entry element Agricultural biotechnology.
9 (RLIN) 17208
700 1# - ADDED ENTRY--PERSONAL NAME
Personal name Altman, A.
9 (RLIN) 17209
700 1# - ADDED ENTRY--PERSONAL NAME
Personal name Colwell, Rita R.,
Dates associated with a name 1934-
9 (RLIN) 17210
856 42 - ELECTRONIC LOCATION AND ACCESS
Materials specified Publisher description
Uniform Resource Identifier <a href="http://www.loc.gov/catdir/enhancements/fy0647/97038712-d.html">http://www.loc.gov/catdir/enhancements/fy0647/97038712-d.html</a>
906 ## - LOCAL DATA ELEMENT F, LDF (RLIN)
a 7
b cbc
c orignew
d 1
e ocip
f 19
g y-gencatlg
942 ## - ADDED ENTRY ELEMENTS (KOHA)
Source of classification or shelving scheme Dewey Decimal Classification
Koha item type Books like text book referance book
Suppress in OPAC No
Holdings
Withdrawn status Lost status Source of classification or shelving scheme Damaged status Not for loan Collection code Home library Current library Shelving location Date acquired Total Checkouts Full call number Barcode Date last seen Copy number Price effective from Koha item type
    Dewey Decimal Classification     Reference Wondo Genet Library Wondo Genet Library General Stacks 11/08/2021   631 AGR 1998 WGCFNRL00004974 11/08/2021 1 11/08/2021 Books like text book referance book